Online
Catalog

Ciencias de la Naturaleza en Al-Andalus II / (Record no. 42594)

MARC details
000 -CABECERA
campo de control de longitud fija 00721nam a2200181 a 4500
001 - NÚMERO DE CONTROL
campo de control 000043105
005 - FECHA Y HORA DE LA ÚLTIMA TRANSACCIÓN
campo de control 20201002040637.0
008 - DATOS DE LONGITUD FIJA--INFORMACIÓN GENERAL
campo de control de longitud fija 140219s1992 sp 000 0 spa d
020 ## - NÚMERO INTERNACIONAL ESTÁNDAR DEL LIBRO
ISBN cancelado o inválido 8472326365
040 ## - FUENTE DE LA CATALOGACIÓN
Centro catalogador/agencia de origen DO-SdBNP
Lengua de catalogación spa
Centro/agencia transcriptor BNPHU
082 ## - NÚMERO DE LA CLASIFICACIÓN DECIMAL DEWEY
Número de clasificación xxx
Número de documento/Ítem xxx
245 00 - MENCIÓN DE TÍTULO
Título Ciencias de la Naturaleza en Al-Andalus II /
Mención de responsabilidad, etc. editados por E. García Sánchez ; C. Álvarez de Morales.
260 ## - PUBLICACIÓN, DISTRIBUCIÓN, ETC.
Lugar de publicación, distribución, etc. Madrid :
Nombre del editor, distribuidor, etc. Consejo Superior de Investigaciones Cientícas
-- Escuela de Estudios Arabes,
Fecha de publicación, distribución, etc. 1992.
300 ## - DESCRIPCIÓN FÍSICA
Extensión 269 p. ;
Dimensiones 24 cm.
505 0# - NOTA DE CONTENIDO CON FORMATO
Información miscelánea v. 2
Mención de responsabilidad C. Álvarez de Morales
Título Textos y estudios
Información miscelánea v. 2
Mención de responsabilidad E. García Sánchez ;
Título Bibliográfica
700 12 - PUNTO DE ACCESO ADICIONAL--NOMBRE DE PERSONA
Nombre de persona E. García Sánchez.
Término indicativo de función/relación ed.
9 (RLIN) 70635
700 12 - PUNTO DE ACCESO ADICIONAL--NOMBRE DE PERSONA
Nombre de persona Álvarez de Morales, C.
Término indicativo de función/relación ed.
9 (RLIN) 70636
Holdings
Estado de retiro Estado de pérdida Restricciones de uso No para préstamo Código de colección Localización permanente Ubicación/localización actual Ubicación en estantería Fecha de adquisición Número de inventario Total de préstamos Signatura topográfica completa Código de barras Fecha visto por última vez Precio válido a partir de Tipo de ítem Koha Número de copia
      Excluido de préstamo Monografías: Libros y Folletos General General En catalogación 19.02.2014 LF1   xxx xxx 43105-10 25.06.2020 25.06.2020 No se presta  
      Excluido de préstamo Monografías: Libros y Folletos General General En catalogación 19.02.2014 LF1   xxx xxx 43105-20 25.06.2020 25.06.2020 No se presta e. 2

Powered by Koha